Karma (Record no. 19435)
[ view plain ]
| 000 -LEADER | |
|---|---|
| fixed length control field | 02910ngm a2200481 4500 |
| 003 - CONTROL NUMBER IDENTIFIER | |
| control field | dpl |
| 005 - DATE AND TIME OF LATEST TRANSACTION | |
| control field | 20081203144429.0 |
| 007 - PHYSICAL DESCRIPTION FIXED FIELD--GENERAL INFORMATION | |
| fixed length control field | DVD |
| 008 - FIXED-LENGTH DATA ELEMENTS--GENERAL INFORMATION | |
| fixed length control field | ||||||sp199 xxu|||||c ||| 00| 0 ng d |
| 010 ## - LIBRARY OF CONGRESS CONTROL NUMBER | |
| LC control number | DVD-001363-1365 & DVD-004785-4789 |
| 024 ## - OTHER STANDARD IDENTIFIER | |
| Standard number or code | SHE DVD 085 |
| Terms of availability | 169.00 |
| 035 ## - SYSTEM CONTROL NUMBER | |
| System control number | DVD-001363-1365 |
| 035 ## - SYSTEM CONTROL NUMBER | |
| System control number | DVD-004785-4789 |
| 040 ## - CATALOGING SOURCE | |
| Original cataloging agency | DPL |
| Transcribing agency | DPL |
| 082 ## - DEWEY DECIMAL CLASSIFICATION NUMBER | |
| Classification number | DVD / KARM |
| 245 ## - TITLE STATEMENT | |
| Title | Karma |
| Statement of responsibility, etc | Mukta Art Ltd. Presents |
| Medium | [videorecording] DVD/ |
| 260 ## - PUBLICATION, DISTRIBUTION, ETC. (IMPRINT) | |
| Name of publisher, distributor, etc | Shemaroo Video Pvt. Ltd. |
| 300 ## - PHYSICAL DESCRIPTION | |
| Extent | 1 videodisc DVD; (178 min.) : |
| Other physical details | sd., col. ; |
| Dimensions | 4 3/4 in. |
| Type of unit | DVD |
| 440 ## - SERIES STATEMENT/ADDED ENTRY--TITLE | |
| Title | Shemaroo Home Entertainment |
| 500 ## - GENERAL NOTE | |
| General note | The Biggest award Winning Hit of 1986<br/>National Award From The President of India |
| 538 ## - SYSTEM DETAILS NOTE | |
| System details note | Dolby Digital 5.1 - Hindi Subtitles: English, Tamil, Telugu and Bengali |
| 538 ## - SYSTEM DETAILS NOTE | |
| System details note | Anamorphic Wide Screen Format, Presented 2:35.1 Aspect Ratio Enhancaead for 16:9 Wide Screen |
| 650 ## - SUBJECT ADDED ENTRY--TOPICAL TERM | |
| Topical term or geographic name as entry element | Motion Picture |
| 700 ## - ADDED ENTRY--PERSONAL NAME | |
| Personal name | Ghai, Subhash |
| 700 ## - ADDED ENTRY--PERSONAL NAME | |
| Personal name | Laxmikant |
| 700 ## - ADDED ENTRY--PERSONAL NAME | |
| Personal name | Pyarelal |
| 700 ## - ADDED ENTRY--PERSONAL NAME | |
| Personal name | Dilip Kumar |
| 700 ## - ADDED ENTRY--PERSONAL NAME | |
| Personal name | Nutan |
| 700 ## - ADDED ENTRY--PERSONAL NAME | |
| Personal name | Shah, Naseeruddin |
| 700 ## - ADDED ENTRY--PERSONAL NAME | |
| Personal name | Shroff, Jackie |
| 700 ## - ADDED ENTRY--PERSONAL NAME | |
| Personal name | Kapoor, Anil |
| 942 ## - ADDED ENTRY ELEMENTS (KOHA) | |
| Koha item type | CD-ROMs, DVDs, VHS |
| Source of classification or shelving scheme | Dewey Decimal Classification |
| Classification part | DVD |
| Call number suffix | KARM |
| Withdrawn status | Lost status | Source of classification or shelving scheme | Damaged status | Not for loan | Home library | Current library | Date acquired | Source of acquisition | Cost, normal purchase price | Total Checkouts | Full call number | Barcode | Date last seen | Date checked out | Copy number | Cost, replacement price | Price effective from | Koha item type |
|---|---|---|---|---|---|---|---|---|---|---|---|---|---|---|---|---|---|---|
| Dewey Decimal Classification | Central Library | Central Library | 04/12/2008 | Purchase | 169.00 | 12 | DVD KARM | DVD-001363 | 06/08/2014 | 31/07/2014 | 1 | 169.00 | 04/12/2008 | CD-ROMs, DVDs, VHS | ||||
| Dewey Decimal Classification | Janak Puri | Janak Puri | 18/11/2009 | Pioneers/885/29-10-09/325/13-10-09 /06-11-09 | 169.00 | 3 | DVD KARM | DVD-004785 | 08/07/2015 | 18/08/2011 | 1 | 169.00 | 18/11/2009 | CD-ROMs, DVDs, VHS | ||||
| Dewey Decimal Classification | Karol Bagh | Karol Bagh | 18/11/2009 | Pioneers/885/29-10-09/325/13-10-09 /06-11-09 | 169.00 | 6 | DVD KARM | DVD-004788 | 29/02/2012 | 24/02/2012 | 1 | 169.00 | 18/11/2009 | CD-ROMs, DVDs, VHS | ||||
| Dewey Decimal Classification | Narela | Narela | 18/11/2009 | Pioneers/885/29-10-09/325/13-10-09 /06-11-09 | 169.00 | 1 | DVD KARM | DVD-004789 | 04/10/2010 | 30/09/2010 | 1 | 169.00 | 18/11/2009 | CD-ROMs, DVDs, VHS | ||||
| Dewey Decimal Classification | Patel Nagar | Patel Nagar | 04/12/2008 | Purchase | 169.00 | 14 | DVD KARM | DVD-001365 | 26/08/2013 | 22/08/2013 | 1 | 169.00 | 04/12/2008 | CD-ROMs, DVDs, VHS | ||||
| Dewey Decimal Classification | R.K.Puram-8 | R.K.Puram-8 | 18/11/2009 | Pioneers/885/29-10-09/325/13-10-09 /06-11-09 | 169.00 | 1 | DVD KARM | DVD-004786 | 08/03/2013 | 11/02/2013 | 1 | 169.00 | 18/11/2009 | CD-ROMs, DVDs, VHS | ||||
| Dewey Decimal Classification | Sarojini Nagar | Sarojini Nagar | 04/12/2008 | Purchase | 169.00 | 16 | DVD KARM | DVD-001364 | 17/11/2012 | 29/10/2012 | 1 | 169.00 | 04/12/2008 | CD-ROMs, DVDs, VHS | ||||
| Dewey Decimal Classification | Vinoba Puri | Vinoba Puri | 18/11/2009 | Pioneers/885/29-10-09/325/13-10-09 /06-11-09 | 169.00 | 3 | DVD KARM | DVD-004787 | 16/01/2014 | 02/01/2014 | 1 | 169.00 | 18/11/2009 | CD-ROMs, DVDs, VHS |
